[Event "WchT Seniors 50"]
[Site "Rhodes"]
[Date "2019.04.24"]
[Round "9.1"]
[White "Yermolinsky, Alex"]
[Black "Grushka, Carlos"]
[Result "1-0"]
[WhiteElo "2508"]
[BlackElo "2251"]
[PlyCount "85"]
[EventDate "2019.04.16"]
[EventType "team-swiss"]
[EventRounds "9"]
[EventCountry "GRE"]
[SourceTitle "CBM 190 Extra"]
[Source "ChessBase"]
[SourceDate "2019.07.15"]
[SourceVersion "1"]
[SourceVersionDate "2019.07.15"]
[SourceQuality "1"]
[WhiteTeam "United States"]
[BlackTeam "Argentina"]
[WhiteTeamCountry "USA"]
[BlackTeamCountry "ARG"]

1. Nf3 Nf6 2. c4 g6 3. Nc3 d5 4. Qa4+ c6 5. cxd5 Nxd5 6. Qd4 f6 7. e4 Nxc3 8. Qxd8+ Kxd8 9. bxc3 e5 10. Bc4 Nd7 11. d4 Bd6 12. 0-0 Re8 13. Re1 b5 14. Bf7 Re7 15. Bb3 Bb7 16. a4 c5 17. dxe5 Nxe5 18. axb5 Kc7 19. Be3 Ng4 20. Bd5 Nxe3 21. Rxe3 a5 22. bxa6 Rxa6 23. Rxa6 Bxa6 24. c4 Bb7 25. g3 Bxd5 26. exd5 Rxe3 27. fxe3 Bf8 28. g4 Kd6 29. Kf2 f5 30. gxf5 gxf5 31. Ng5 h5 32. Ne6 Be7 33. Ng7 Ke5 34. Nxh5 Ke4 35. Ke2 Bd6 36. Ng3+ Ke5 37. Kf3 Bf8 38. Ne2 Be7 39. Nf4 Bg5 40. h4 Bh6 41. Nd3+ Kd6 42. h5 Bg5 43. e4 1-0

[Event "WchT Seniors 50"]
[Site "Rhodes"]
[Date "2019.04.21"]
[Round "6.6"]
[White "Barron, Michael"]
[Black "Grushka, Carlos"]
[Result "1-0"]
[WhiteElo "2124"]
[BlackElo "2251"]
[PlyCount "87"]
[EventDate "2019.04.16"]
[EventType "team-swiss"]
[EventRounds "9"]
[EventCountry "GRE"]
[SourceTitle "CBM 190 Extra"]
[Source "ChessBase"]
[SourceDate "2019.07.15"]
[SourceVersion "1"]
[SourceVersionDate "2019.07.15"]
[SourceQuality "1"]
[WhiteTeam "Canada"]
[BlackTeam "Argentina"]
[WhiteTeamCountry "CAN"]
[BlackTeamCountry "ARG"]

1. e4 e6 2. d4 d5 3. Nd2 Nf6 4. e5 Nfd7 5. Bd3 c5 6. c3 Nc6 7. Ne2 f6 8. exf6 Qxf6 9. Nf3 Bd6 10. 0-0 e5 11. Bg5 Qf7 12. dxe5 Ndxe5 13. Nxe5 Nxe5 14. Bb5+ Bd7 15. Bxd7+ Nxd7 16. Qd2 0-0 17. Rad1 Nb6 18. Bh4 Rfe8 19. Rfe1 h6 20. Bg3 Rad8 21. Bxd6 Rxd6 22. Ng3 Rde6 23. Rxe6 Qxe6 24. Nf1 Rd8 25. Ne3 d4 26. b3 Rd7 27. cxd4 Rxd4 28. Qc2 Nd5 29. Nxd5 Qxd5 30. Re1 Kf7 31. Qe2 Kg8 32. h3 Rd2 33. Qe8+ Kh7 34. Re2 Rd1+ 35. Kh2 b6 36. f4 Qd4 37. Qf7 Qg1+ 38. Kg3 Rd6 39. Qf5+ Rg6+ 40. Kh4 Qd4 41. Re6 Qd8+ 42. Kh5 Qd1+ 43. g4 Qd3 44. Qxd3 1-0

[Event "WchT Seniors 50"]
[Site "Rhodes"]
[Date "2019.04.17"]
[Round "2.2"]
[White "Arnason, Jon Loftur"]
[Black "Grushka, Carlos"]
[Result "1-0"]
[WhiteElo "2423"]
[BlackElo "2251"]
[PlyCount "55"]
[EventDate "2019.04.16"]
[EventType "team-swiss"]
[EventRounds "9"]
[EventCountry "GRE"]
[SourceTitle "CBM 190 Extra"]
[Source "ChessBase"]
[SourceDate "2019.07.15"]
[SourceVersion "1"]
[SourceVersionDate "2019.07.15"]
[SourceQuality "1"]
[WhiteTeam "Iceland"]
[BlackTeam "Argentina"]
[WhiteTeamCountry "ISL"]
[BlackTeamCountry "ARG"]

1. e4 e6 2. d4 d5 3. Nd2 Nf6 4. e5 Nfd7 5. Ne2 c5 6. c3 Nc6 7. Nf3 b5 8. a3 a5 9. Nf4 Qb6 10. Be3 cxd4 11. cxd4 Be7 12. h4 h6 13. Bd3 b4 14. a4 Ba6 15. 0-0 g5 16. hxg5 hxg5 17. Ne2 Rg8 18. Rc1 f5 19. exf6 Bxf6 20. Ne5 Bxe5 21. dxe5 Qb7 22. Nd4 Bxd3 23. Rxc6 Bf5 24. Qh5+ Kf8 25. Rfc1 Nxe5 26. Rc7 Qb8 27. Nxe6+ Bxe6 28. Bc5# 1-0

[Event "URU-chTA"]
[Site "Uruguay"]
[Date "2017.07.09"]
[Round "5.1"]
[White "Grushka, Carlos"]
[Black "Guerrero, Alvaro"]
[Result "1-0"]
[WhiteElo "2245"]
[BlackElo "2079"]
[PlyCount "69"]
[EventDate "2017.07.07"]
[EventType "team-swiss"]
[EventRounds "5"]
[EventCountry "URU"]
[SourceTitle "EXT 2018"]
[Source "ChessBase"]
[SourceDate "2017.10.13"]
[SourceVersion "1"]
[SourceVersionDate "2017.10.13"]
[SourceQuality "1"]
[WhiteTeam "Paysandu"]
[BlackTeam "Urreta"]
[WhiteTeamCountry "URU"]
[BlackTeamCountry "URU"]

1. d4 g6 2. g3 Nf6 3. Bg2 Bg7 4. Nf3 0-0 5. 0-0 d6 6. c4 Nc6 7. d5 Na5 8. Nfd2 c5 9. a3 Nd7 10. Ra2 b6 11. b4 cxb4 12. axb4 Nb7 13. Nb3 a5 14. Nd4 Qc7 15. Nc6 Ne5 16. Qb3 e6 17. Nc3 a4 18. Qc2 Kh8 19. Nb5 Qd7 20. Be3 exd5 21. cxd5 Ra6 22. Bd4 Nd8 23. Qc3 Ndxc6 24. dxc6 Qe6 25. Rfa1 Kg8 26. f4 Qc4 27. fxe5 Qxb5 28. exd6 Bxd4+ 29. Qxd4 Be6 30. d7 Raa8 31. Rd2 Rad8 32. Qd6 Qg5 33. c7 Rxd7 34. Qxf8+ Kxf8 35. c8Q+ 1-0

[Event "URU-chTA"]
[Site "Uruguay"]
[Date "2017.07.08"]
[Round "2.1"]
[White "Dominguez, Facundo"]
[Black "Grushka, Carlos"]
[Result "1-0"]
[WhiteElo "2042"]
[BlackElo "2245"]
[PlyCount "89"]
[EventDate "2017.07.07"]
[EventType "team-swiss"]
[EventRounds "5"]
[EventCountry "URU"]
[SourceTitle "EXT 2018"]
[Source "ChessBase"]
[SourceDate "2017.10.13"]
[SourceVersion "1"]
[SourceVersionDate "2017.10.13"]
[SourceQuality "1"]
[WhiteTeam "Piratas Tablero"]
[BlackTeam "Paysandu"]
[WhiteTeamCountry "URU"]
[BlackTeamCountry "URU"]

1. e4 e6 2. d4 d5 3. Nd2 Nf6 4. e5 Nfd7 5. Bd3 c5 6. c3 Nc6 7. Ne2 f6 8. exf6 Qxf6 9. Nf3 Bd6 10. Bg5 Qf7 11. 0-0 0-0 12. Bh4 e5 13. Bxh7+ Kh8 14. dxe5 Ndxe5 15. Nxe5 Nxe5 16. Bc2 Bg4 17. f3 Bh5 18. Bg3 Rad8 19. Bxe5 Bxe5 20. Qd3 g5 21. g4 c4 22. Qd2 Bg6 23. Qxg5 Bxh2+ 24. Kxh2 Bxc2 25. Kg2 Bh7 26. Nd4 Rde8 27. Rae1 Rg8 28. Rxe8 Rxe8 29. Rh1 a6 30. Kf2 Qg8 31. Qxg8+ Kxg8 32. Re1 Bg6 33. Rxe8+ Bxe8 34. f4 Kf8 35. f5 Ke7 36. Ke3 Kd6 37. Kf4 b5 38. g5 a5 39. g6 b4 40. Kg5 a4 41. a3 bxa3 42. bxa3 Ke7 43. f6+ Kf8 44. f7 Kg7 45. fxe8N+ 1-0

[Event "URU-chTA"]
[Site "Montevideo"]
[Date "2016.09.25"]
[Round "5.11"]
[White "Lopez Azambuja, Nicolas"]
[Black "Grushka, Carlos"]
[Result "1-0"]
[WhiteElo "2267"]
[BlackElo "2227"]
[PlyCount "77"]
[EventDate "2016.09.23"]
[EventType "team-swiss"]
[EventRounds "5"]
[EventCountry "URU"]
[SourceTitle "EXT 2018"]
[Source "ChessBase"]
[SourceDate "2017.10.13"]
[SourceVersion "1"]
[SourceVersionDate "2017.10.13"]
[SourceQuality "1"]

1. d4 Nf6 2. c4 g6 3. Nc3 d5 4. Bg5 Ne4 5. Bh4 Nxc3 6. bxc3 c5 7. cxd5 Qxd5 8. e3 Nc6 9. Nf3 Bg7 10. Be2 cxd4 11. cxd4 0-0 12. 0-0 b6 13. Qb3 Qd6 14. Bg3 Qd7 15. Rac1 Bb7 16. Bb5 Rfd8 17. Ne5 Bxe5 18. Bxe5 Rac8 19. Bg3 Kg7 20. Rc2 Qf5 21. Bd3 Qa5 22. a3 e6 23. h3 Ne7 24. Be5+ Kf8 25. Rfc1 Rxc2 26. Rxc2 Rc8 27. Rxc8+ Nxc8 28. Qc2 Qxa3 29. Qc7 Qe7 30. Qb8 Qd7 31. Bf6 a5 32. Qf4 Qd6 33. Qh6+ Ke8 34. Qxh7 b5 35. Bxg6 Qf8 36. Bg7 Qe7 37. Qg8+ Kd7 38. Bxf7 Nd6 39. Bh5 1-0

[Event "ARG-chT Magistral"]
[Site "Buenos Aires"]
[Date "2005.06.07"]
[Round "5"]
[White "Grushka, Carlos"]
[Black "De Dovitiis, Alejo"]
[Result "0-1"]
[WhiteElo "2235"]
[BlackElo "2345"]
[PlyCount "74"]
[EventDate "2005.05.24"]
[EventType "team"]
[EventRounds "7"]
[EventCountry "ARG"]
[SourceTitle "CBM 106 Extra"]
[Source "ChessBase"]
[SourceDate "2005.07.01"]
[SourceVersion "1"]
[SourceVersionDate "2005.07.01"]
[SourceQuality "1"]

1. g3 e5 2. c4 Nf6 3. Bg2 Bc5 4. Nc3 0-0 5. e3 Re8 6. Nge2 Nc6 7. 0-0 e4 8. d3 exd3 9. Nf4 d6 10. Nxd3 Bb6 11. h3 Bf5 12. g4 Be4 13. Nxe4 Nxe4 14. b3 Qh4 15. Bxe4 Rxe4 16. Kg2 Rae8 17. f3 R4e7 18. e4 Bd4 19. Rb1 Be5 20. Qe1 Qf6 21. Nb4 Nxb4 22. Qxb4 c6 23. Qd2 d5 24. cxd5 cxd5 25. Qxd5 Rc7 26. Rf2 Rd8 27. Qb5 a6 28. Qe2 Rxc1 29. Rxc1 Qf4 30. Rh1 h5 31. Qc2 Qg3+ 32. Kf1 Bd4 33. Rhh2 Bxf2 34. Rxf2 Qxh3+ 35. Ke1 hxg4 36. fxg4 Qxg4 37. Qc4 Rd1# 0-1

[Event "ARG-chT Magistral"]
[Site "Buenos Aires"]
[Date "2005.05.31"]
[Round "3"]
[White "Grushka, Carlos"]
[Black "Sorin, Ariel"]
[Result "0-1"]
[WhiteElo "2235"]
[BlackElo "2496"]
[PlyCount "52"]
[EventDate "2005.05.24"]
[EventType "team"]
[EventRounds "7"]
[EventCountry "ARG"]
[SourceTitle "CBM 106 Extra"]
[Source "ChessBase"]
[SourceDate "2005.07.01"]
[SourceVersion "1"]
[SourceVersionDate "2005.07.01"]
[SourceQuality "1"]

1. Nf3 Nf6 2. d4 g6 3. g3 Bg7 4. Bg2 0-0 5. 0-0 d6 6. c4 c5 7. Nc3 Nc6 8. dxc5 dxc5 9. Be3 Be6 10. Bxc5 Qa5 11. Ba3 Bxc4 12. Nd2 Be6 13. Nb3 Qh5 14. e3 Bg4 15. f3 Be6 16. Nc5 Bc4 17. Rf2 b5 18. f4 Rac8 19. Bf3 Qh3 20. Bg2 Qh6 21. b3 Rfd8 22. Qf3 Nd5 23. bxc4 Nxc3 24. cxb5 Nxb5 25. Bb2 Bxb2 26. Rxb2 Qg7 0-1

[Event "Buenos Aires COOP 23rd"]
[Site "Buenos Aires"]
[Date "1997.10.04"]
[Round "4"]
[White "Grushka, Carlos"]
[Black "Alonso, Salvador"]
[Result "1-0"]
[WhiteElo "2235"]
[BlackElo "2395"]
[PlyCount "72"]
[EventDate "1997.09.13"]
[EventType "team-swiss"]
[EventRounds "7"]
[EventCountry "ARG"]
[SourceTitle "EXT 1999"]
[Source "ChessBase"]
[SourceDate "1998.11.16"]
[SourceVersion "1"]
[SourceVersionDate "1998.11.16"]
[SourceQuality "1"]

1. d4 Nf6 2. g3 g6 3. Bg2 d5 4. Nf3 Bg7 5. 0-0 0-0 6. Nbd2 c5 7. dxc5 Nbd7 8. Nb3 Qc7 9. Be3 e5 10. c3 Rd8 11. h3 Nf8 12. Qc1 Ne6 13. Ng5 Nxg5 14. Bxg5 Be6 15. f4 Re8 16. fxe5 Nd7 17. Bf6 Nxe5 18. Bxg7 Kxg7 19. Qf4 Rac8 20. Nd4 Nc4 21. Qxc7 Rxc7 22. b4 Ne3 23. Rf3 Bd7 24. Kf2 Nxg2 25. Kxg2 b6 26. cxb6 axb6 27. a4 Ra8 28. b5 Rc4 29. Raf1 Be8 30. Re3 Rcxa4 31. Re5 Rc4 32. Rf4 Rc7 33. Rxd5 Bd7 34. Rd6 Bc8 35. Rf2 h5 36. Rxb6 Ra3 1-0

[Event "Philadelphia Int 5th"]
[Site "Philadelphia"]
[Date "1994.??.??"]
[Round "1"]
[White "Brooks, Michael A"]
[Black "Grushka, Carlos"]
[Result "1-0"]
[WhiteElo "2440"]
[BlackElo "2245"]
[PlyCount "73"]
[EventDate "1994.06.24"]
[EventType "swiss"]
[EventRounds "9"]
[EventCountry "USA"]
[SourceTitle "EXT 2024"]
[Source "ChessBase"]
[SourceDate "2023.10.10"]
[SourceVersion "1"]
[SourceVersionDate "2023.10.10"]
[SourceQuality "1"]

1. e4 e6 2. d4 d5 3. Nc3 Nf6 4. Bg5 Be7 5. e5 Ng8 6. Be3 b6 7. Qg4 g6 8. Nh3 Ba6 9. 0-0-0 Bxf1 10. Rhxf1 Nc6 11. Qf3 Na5 12. Nf4 c6 13. g4 Nc4 14. Kb1 b5 15. Bc1 a5 16. Nd3 a4 17. Ne2 b4 18. Qh3 Qb6 19. f4 Rb8 20. b3 axb3 21. cxb3 Ra8 22. Bb2 Nxb2 23. Nxb2 Qa6 24. Nc1 h5 25. f5 Kd7 26. f6 Bd8 27. g5 h4 28. Na4 Bb6 29. Rf4 Rh5 30. Rxh4 Rxg5 31. Nd3 Qb5 32. Rh7 Rf8 33. Nxb6+ Qxb6 34. Nc5+ Kc8 35. Rxf7 Rxf7 36. Qxe6+ Kb8 37. Qe8+ 1-0

[Event "Buenos Aires Konex"]
[Site "Buenos Aires"]
[Date "1991.??.??"]
[Round "9"]
[White "Casafus, Ruben Andres"]
[Black "Grushka, Carlos"]
[Result "1-0"]
[WhiteElo "2400"]
[BlackElo "2250"]
[PlyCount "67"]
[EventDate "1991.03.??"]
[EventType "swiss"]
[EventRounds "9"]
[EventCountry "ARG"]
[SourceTitle "EXT 2000"]
[Source "ChessBase"]
[SourceDate "1999.11.16"]
[SourceVersion "1"]
[SourceVersionDate "1999.11.16"]
[SourceQuality "1"]

1. d4 Nf6 2. Nf3 g6 3. c4 Bg7 4. g3 0-0 5. Bg2 c6 6. 0-0 d5 7. Qb3 Qb6 8. Nc3 Be6 9. c5 Qxb3 10. axb3 Na6 11. Ra4 Bf5 12. Bf4 Bc2 13. Nd2 Nd7 14. Rc1 Bf5 15. e4 dxe4 16. Ncxe4 Nf6 17. Nc3 Rad8 18. h3 Bc8 19. Be3 Ne8 20. Nf3 Nec7 21. Bf1 Ne6 22. Rd1 Rd7 23. b4 Rfd8 24. b5 Naxc5 25. Rxa7 Nb3 26. bxc6 bxc6 27. Rxd7 Rxd7 28. Ne5 Rc7 29. f4 g5 30. d5 gxf4 31. gxf4 cxd5 32. Nxd5 Rb7 33. Ba6 Rb8 34. Bxc8 1-0

[Event "Buenos Aires BCA op"]
[Site "Buenos Aires"]
[Date "1988.??.??"]
[Round "?"]
[White "Cifuentes Parada, Roberto"]
[Black "Grushka, Carlos"]
[Result "1/2-1/2"]
[WhiteElo "2530"]
[BlackElo "2260"]
[PlyCount "98"]
[EventDate "1988.??.??"]
[EventType "swiss"]
[EventRounds "9"]
[EventCountry "ARG"]
[SourceTitle "EXT 1997"]
[Source "ChessBase"]
[SourceDate "1996.11.15"]
[SourceVersion "1"]
[SourceVersionDate "1996.11.15"]
[SourceQuality "1"]

1. d4 d5 2. c4 e6 3. Nf3 c5 4. g3 Nc6 5. Bg2 Nf6 6. 0-0 Be7 7. dxc5 Bxc5 8. a3 a5 9. cxd5 exd5 10. Bg5 Be7 11. Nc3 Be6 12. Nb5 0-0 13. Nbd4 a4 14. Nxe6 fxe6 15. Nd4 Kf7 16. Bh3 Nxd4 17. Qxd4 Ra6 18. Rac1 Qd7 19. Rc2 Rc8 20. Rfc1 Rac6 21. Rxc6 Rxc6 22. Rc3 Rxc3 23. Qxc3 h6 24. Be3 Ne4 25. Qd3 Bf6 26. f3 Nd6 27. Bd4 Qb5 28. Bxf6 Kxf6 29. Qd4+ e5 30. Qh4+ Kf7 31. Qh5+ Kf6 32. Qg4 Qb6+ 33. Kh1 Nc4 34. Qf5+ Ke7 35. Qd7+ Kf6 36. Qxd5 Ne3 37. Qd7 Qc5 38. Qd2 Ke7 39. f4 Qd4 40. Qxd4 exd4 41. Bg2 b6 42. Bc6 Nc4 43. Bxa4 Nxb2 44. Bb3 b5 45. Kg2 d3 46. exd3 Nxd3 47. Kf3 b4 48. axb4 Nxb4 49. Ke4 Kf6 1/2-1/2

[Event "Mar del Plata op"]
[Site "Mar del Plata"]
[Date "1988.??.??"]
[Round "4"]
[White "Grushka, Carlos"]
[Black "Fiorito, Fabian"]
[Result "1-0"]
[WhiteElo "2260"]
[BlackElo "2305"]
[PlyCount "81"]
[EventDate "1988.??.??"]
[EventType "swiss"]
[EventRounds "9"]
[EventCountry "ARG"]
[SourceTitle "EXT 2003"]
[Source "ChessBase"]
[SourceDate "2002.11.25"]
[SourceVersion "1"]
[SourceVersionDate "2002.11.25"]
[SourceQuality "1"]

1. Nf3 e6 2. g3 f5 3. Bg2 Nf6 4. 0-0 d5 5. d3 Bd6 6. Nbd2 0-0 7. e4 Nc6 8. Qe2 Bc5 9. Nb3 fxe4 10. Nxc5 exf3 11. Qxf3 Qd6 12. Nb3 e5 13. h3 Be6 14. c3 a5 15. Qe2 a4 16. Nd2 Rae8 17. Kh2 Ne7 18. b4 Ng6 19. a3 Bf5 20. Rd1 h5 21. Ne4 Qd7 22. Nxf6+ Rxf6 23. Bg5 Rd6 24. Qxh5 Kf7 25. Qf3 Kg8 26. Re1 c6 27. g4 Be6 28. Qg3 Rf8 29. Rad1 b5 30. d4 e4 31. f4 exf3 32. Bxf3 Bf7 33. Rd2 Be8 34. Bd1 Re6 35. Bc2 Rxe1 36. Qxe1 Rf3 37. Bf5 Qc7+ 38. Kg2 Rxc3 39. Qxe8+ Nf8 40. Be6+ Kh7 41. Qh5# 1-0

[Event "Buenos Aires BCA op"]
[Site "Buenos Aires"]
[Date "1988.??.??"]
[Round "?"]
[White "Needleman, Alejandro"]
[Black "Grushka, Carlos"]
[Result "0-1"]
[WhiteElo "2285"]
[BlackElo "2260"]
[PlyCount "70"]
[EventDate "1988.??.??"]
[EventType "swiss"]
[EventRounds "9"]
[EventCountry "ARG"]
[SourceTitle "EXT 1997"]
[Source "ChessBase"]
[SourceDate "1996.11.15"]
[SourceVersion "1"]
[SourceVersionDate "1996.11.15"]
[SourceQuality "1"]

1. e4 e6 2. d4 d5 3. Nd2 Nf6 4. e5 Nfd7 5. c3 c5 6. Bd3 Nc6 7. Ne2 f6 8. Nf4 Qe7 9. Qh5+ Qf7 10. Bg6 hxg6 11. Qxh8 cxd4 12. exf6 dxc3 13. bxc3 Qxf6 14. Ne2 b6 15. 0-0 Ba6 16. Re1 Nde5 17. Nd4 Nxd4 18. cxd4 Nd3 19. Rf1 Qxd4 20. Nb3 Qf6 21. Be3 e5 22. f4 Nxf4 23. Rf2 0-0-0 24. Bxf4 exf4 25. Qh3+ Kb8 26. Rd1 Bc4 27. Nd4 Bc5 28. Rfd2 Re8 29. Kh1 Bxd4 30. Qd7 Rd8 31. Qa4 b5 32. Qc2 Be3 33. a4 Bxd2 34. Qxd2 f3 35. axb5 f2 0-1